00203nam a2200085Ia 4500008004100000100002000041245002100061260002700082300000800109201231s9999 xx 000 0 und d aFrench, Patrick 0aLiberty or Death aLondonbHarper Collins a466